000 nam a22 a 4500
999 _c2127
_d2127
003 AKMAL
005 20170515121900.0
008 170515s1988 xxu 00 eng d
020 _a0803931646:
_cfree
020 _a0803931654 (pbk.)
040 _aAKMAL
_cAKMAL
082 0 4 _a362.20425 ALB
090 _a362.20425
_bALB
245 0 0 _aPrevention, powerlessness, and politics :
_breadings on social change /
_cedited by George W. Albee, Justin M. Joffe and Linda A. Dusenbury
260 _aNewbury Park, Calif. :
_bSAGE Publications,
_c1988
300 _a557p. ;
_c23cm
500 _aEdited published papers from the Primary Prevention of Psychopathology held annually since 1975
504 _aIncludes bibliographical references
650 _aDeviant behaviour
_xPrevention
_94425
650 _aSocial problems
_92873
650 _aVictims of crimes
_94426
650 _aPsychology, Pathological
_xPrevention
_94427
650 _aSocial change
_91104
700 1 _aAlbee, George W.
_94428
700 1 _aJoffe, Justin M.
_94429
700 1 _aDusenbury, Linda A.
_94430
710 2 _aVermont Conference on the Primary Prevention of Psychopathology
_94431
942 _2ddc
_cBOOK